King of the castle (Record no. 542091)
[ view plain ]
| 000 -LEADER | |
|---|---|
| fixed length control field | 00466nam a2200157Ia 4500 |
| 082 ## - DEWEY DECIMAL CLASSIFICATION NUMBER | |
| Classification number | 291 |
| Author Mark | EAT |
| -- | L30,P-136 |
| 100 ## - MAIN ENTRY--PERSONAL NAME | |
| Personal name | Eaton, Gai |
| 9 (RLIN) | 28517 |
| 245 ## - TITLE STATEMENT | |
| Title | King of the castle |
| Remainder of title | choice and responsibility in the modern world |
| 260 ## - PUBLICATION, DISTRIBUTION, ETC. | |
| Place of publication, distribution, etc. | Lahore: |
| Name of publisher, distributor, etc. | Suhail Academy, |
| Date of publication, distribution, etc. | 1981 |
| 300 ## - PHYSICAL DESCRIPTION | |
| Extent | 218p |
| 526 ## - STUDY PROGRAM INFORMATION NOTE | |
| Program name | 0 |
| Interest level | 0 |
| Reading level | 0 |
| Title point value | 291_000000000000000_EAT |
| 650 ## - SUBJECT ADDED ENTRY--TOPICAL TERM | |
| Topical term or geographic name entry element | Cosmology- Islamic |
| 9 (RLIN) | 37192 |
| 650 ## - SUBJECT ADDED ENTRY--TOPICAL TERM | |
| Topical term or geographic name entry element | MCE |
| 9 (RLIN) | 379 |
| 650 ## - SUBJECT ADDED ENTRY--TOPICAL TERM | |
| Topical term or geographic name entry element | Religion and Astronautics |
| 9 (RLIN) | 37193 |
| 942 ## - ADDED ENTRY ELEMENTS (KOHA) | |
| Source of classification or shelving scheme | |
| Koha item type | Book |
| Withdrawn status | Lost status | Source of classification or shelving scheme | Damaged status | Not for loan | Permanent Location | Current Location | Date acquired | Total Checkouts | Full call number | Barcode | Date last seen | Price effective from | Koha item type |
|---|---|---|---|---|---|---|---|---|---|---|---|---|---|
| Military College of Engineering (MCE) | Military College of Engineering (MCE) | 09/19/2013 | 291 EAT | MCE-20596 | 09/19/2013 | 09/19/2013 | Book |
